Tilastot visalle Muistatko laulun sanat? Linnunradan laidalla - Eppu Normaali

Klikkaa tästä pelataksesi tätä visaa!

Yleistilastot

  • Tätä visaa on pelattu 40 kertaa
  • Keskiarvotulos 125 / 187

Vastaustilastot

Vastaus% Oikein
laidalla
97%
Linnunradan
97%
me
83%
sinä
83%
se
80%
ei
77%
ja
77%
huulipunaa
73%
kun
73%
lähti
73%
olet
73%
paidalla
73%
saa
73%
katoa
70%
milloinkaan
70%
silloin
70%
tähtiin
70%
yönä
70%
ehkä
67%
ikuisesti
67%
jonkun
67%
joskus
67%
kuin
67%
Linnunrata
67%
loisti
67%
matkalle
67%
rakastuimme
67%
silloinkaan
67%
täällä
67%
tavoittaa
67%
vaeltaa
67%
valo
67%
Valo
67%
ajaa
63%
alla
63%
Alla
63%
emme
63%
Emme
63%
jossain
63%
kaukaiset
63%
nähtiin
63%
siitä
63%
silmät
63%
silmistämme
63%
tähdet
63%
tähtien
63%
täysin
63%
yhdessä
63%
ylitsemme
63%
Aika
60%
lähtien
60%
maan
60%
päällä
60%
sillä
60%
Sillä
60%
toisin
60%
vyönä
60%
kainalossain
57%
matkalla
57%
mitä
57%
näen
57%
olla
57%
asiat
53%
herään
53%
lensin
53%
maailman
53%
niin
53%
ois
53%
paremmin
53%
aremmin
50%
ihmiskunta
50%
muukin
50%
näkemättä
50%
näkisinpä
50%
unta
50%
avaruuteen
47%
ehtiväni
47%
ennen
47%
ensin
47%
huomista
47%
katsomaan
47%
luomista
47%
Toivoin
47%
toivoisin
47%
unessani
47%
eilistä
43%
Silmin
40%
yhä
37%

Tulosjakauma

Persentiili vastausten määrän mukaan

Jokaisen tuloksen saaneiden osuus

Tuloshistoriasi

Et ole pelannut tätä visaa